Norwegian Political Parties - Statistics

General Stats
  • This quiz has been taken 175 times
    149 since last reset
  • The average score is 8 of 9
Answer Stats
Seats Answer % Correct
45 Conservative Party
96%
49 Labour Party
95%
19 Centre Party
86%
8 Liberal Party
86%
27 Progress Party
86%
1 Green Party
85%
1 Red Party
85%
8 Christian Democratic Party
76%
11 Socialist Left Party
75%
No matching quizzes found
Score Distribution
Percent of People with Each Score
Percentile by Number Answered
Your Score History
You have not taken this quiz since the last reset